| 000 | 00332nam a2200133Ia 4500 | ||
|---|---|---|---|
| 008 | 210210b1974 xxu||||| |||| 00| 0 eng d | ||
| 082 | _a954.025 ISHM | ||
| 100 | _aISHWARI PRASAD. | ||
| 245 | _aMughal empire. | ||
| 260 |
_aAllahabad. _bChugh Publications., _c1974 |
||
| 300 | _axvi,694 | ||
| 690 | _aIndian History | ||
| 906 | _a031704 | ||
| 999 |
_c82772 _d82772 |
||